The effective tax rate and the pretax rate of return (Registro nro. 25930)
[ vista simple ]
| 000 -LEADER | |
|---|---|
| fixed length control field | 00414 a2200133 4500 |
| 001 - CONTROL NUMBER | |
| control field | ART_11894 |
| 005 - DATE AND TIME OF LATEST TRANSACTION | |
| control field | 20260410161901.0 |
| 008 - FIXED-LENGTH DATA ELEMENTS--GENERAL INFORMATION | |
| fixed length control field | 260409a |
| 100 1# - MAIN ENTRY--PERSONAL NAME | |
| Personal name | Feldstein, Martin |
| 245 10 - TITLE STATEMENT | |
| Title | The effective tax rate and the pretax rate of return |
| 700 1# - ADDED ENTRY--PERSONAL NAME | |
| Personal name | Dicks-Mireaux, Louis |
| 700 1# - ADDED ENTRY--PERSONAL NAME | |
| Personal name | Poterba, James |
| 773 0# - HOST ITEM ENTRY | |
| Title | Journal of public economics |
| Related parts | - Vol. 21, Nº 2 (jul. 1983) |
| Record control number | REV11485 |
No hay ítems disponibles.